01718nab a22002417a 4500003000400000005001700004008004100021040000700062100002300069245011500092260007200207300001300279505040400292505027600696505010700972505008901079650001801168650004901186650004301235650004301278650003101321773012401352OSt20260122074931.0190502c xxu||||| |||| 00| 0 spa d cPJ aSandhagen, Alberto13aLa mensuración de la pena :bobservaciones a la sentencia de “De Vido” de la Corte /cAlberto Sandhagen. aCiudad Autónoma de Buenos Aires :bThomson Reuters La Ley,c2024. ap. 53-70 aSumario: I. Introducción.— II. Argentina: inicio hacia una cultura ética de los negocios. Ventajas en el aspecto social. Importancia de la adopción de programas de cumplimiento en el ámbito empresarial.— III. Minimización de los riesgos de responsabilidad de la empresa. Implicancias en el ámbito penal. Ventajas en el aspecto institucional.— IV. Conclusión.— V. Bibliografía aSumario: I. Presentación del trabajo.— II. Etapas que antecedieron a la sentencia de la Corte Suprema.— III. Sentencia de la Corte Suprema de Justicia de la Nación.— IV. Reflexiones sobre la sentencia emitida por la Corte Suprema.— V. Consideraciones finales. aFallo comentado: CS, 01/08/2024. - De Vido, Julio Miguel y otro s/incidente de recurso extraordinario. t¿Te interesa el texto completo? Solicitalo al correo: koha@justierradelfuego.gov.ar 0aDERECHO PENAL 0aDELITOS CONTRA LA ADMINISTRACIÓN PÚBLICA 0aFRAUDE A LA ADMINISTRACIÓN PÚBLICA 0aCORRUPCIÓN DEL FUNCIONARIO PÚBLICO 0aFALLOS DE LA CORTE SUPREMA0 02729dBuenos Aires : LexisNexis, 2006-tRevista de derecho penal y procesal penal. Nº 12 - Diciembre 2024z9875920622